000
00343 a2200157 4500
001
154825
040
_c
Escola São Tomás de Aquino
100
_a
CANTO, Eduardo Leite
240
1
0
_a
Ciências Naturais
_l
por
245
1
0
_a
Ciências Naturais
300
_a
272
362
0
_a
2012
440
1
_a
Moderna
697
_a
CIÊNCIAS
942
_c
BK
999
_c
154825
_d
154825